Democracy in a communist party : Poland's experience since 1980 /

Bibliographic Details
Main Author: Hahn, Werner G.
Format: Book
Language:English
Published: New York : Columbia University Press, 1987.
Subjects:

MARC

Tag First Indicator Second Indicator Subfields
LEADER 00000cam a22000008a 4500
001 in00000008440
005 20151003060014.0
008 870316s1987 nyua b 00110 eng
010 |a  87006639  
020 |a 023106540X 
035 |a (OCoLC)15489139 
035 |9 AAA0830AM 
040 |a DLC  |c DLC  |d m/c  |d TXA  |d UtOrBLW 
043 |a e-pl--- 
050 0 0 |a JN6769.A52  |b H34 1987 
082 0 |a 943.8/056  |2 19 
100 1 |a Hahn, Werner G. 
245 1 0 |a Democracy in a communist party :  |b Poland's experience since 1980 /  |c Werner G. Hahn. 
263 |a 8709 
264 1 |a New York :  |b Columbia University Press,  |c 1987. 
300 |a xxv, 368 pages :  |b illustrations 
336 |a text  |b txt  |2 rdacontent 
337 |a unmediated  |b n  |2 rdamedia 
338 |a volume  |b nc  |2 rdacarrier 
504 |a Bibliography: pages [347]-350. 
500 |a Includes index. 
610 2 0 |a Polska Zjednoczona Partia Robotnicza. 
651 0 |a Poland  |x Politics and government  |y 1980-1989. 
999 |a MARS 
999 f f |s 01af9414-3298-37ed-9a11-056f174aebc1  |i 1a69ed5e-9fee-3030-ae6d-5927258f61cd  |t 0 
952 f f |p ric  |a Texas A&M University  |b Rellis Campus  |c Joint Library Facility  |d Remote Storage  |t 0  |e JN6769.A52 H34 1987  |h Library of Congress classification  |i unmediated -- volume  |m A14812614375 
998 f f |a JN6769.A52 H34 1987  |t 0  |l Remote Storage